Lumière sur le Pérou - Statistiques

Statistiques générales
  • Ce quiz a été pris 16 fois
  • Le résultat moyen est 5 sur 10
Statistiques - réponses
Hint Réponse % Correct
Quelle est la capitale du Pérou ? Lima
100%
Dans quel ville péruvienne se trouve l'université la plus ancienne d'Amerique du sud ? Lima
100%
Quelle est la langue officielle au Chili ? Espagnol
87%
Quelle ancienne cité inca est dans les 7 merveilles du monde ? Machu Picchu
87%
Quelle racine tubéreuse cultivé dans le monde entier est originaire du Chili ? Pomme de terre
73%
Quelle plus grand fleuve du continent qui prend sa source au Chili ? Amazone
53%
Quel lac a la frontière avec la Bolivie est le plus haut navigable du monde ? Lac Titicaca
27%
Quel célèbre conquistador espagnol a fondé Lima en 1535 ? Francisco Pizarro
13%
Quel est le nom du courant océanique froid qui longe la côte péruvienne ? Courant de Humboldt
0%
Quelle est la plus haute montagne du Chili ? Huascaran
0%
Aucun quiz correspondant
Distribution des résultats
% des personnes avec chaque résultat
Percentile par nombre de réponses
Votre historique - résultats
Vous n’avez pas pris ce quiz